<?xml version="1.0" encoding="UTF-8"?><?xml-stylesheet type="text/xsl" href="static/style.xsl"?><OAI-PMH xmlns="http://www.openarchives.org/OAI/2.0/" xmlns:xsi="http://www.w3.org/2001/XMLSchema-instance" xsi:schemaLocation="http://www.openarchives.org/OAI/2.0/ http://www.openarchives.org/OAI/2.0/OAI-PMH.xsd"><responseDate>2026-04-28T19:04:52Z</responseDate><request verb="GetRecord" identifier="oai:uvadoc.uva.es:10324/62884" metadataPrefix="marc">https://uvadoc.uva.es/oai/request</request><GetRecord><record><header><identifier>oai:uvadoc.uva.es:10324/62884</identifier><datestamp>2025-03-26T19:45:19Z</datestamp><setSpec>com_10324_5262</setSpec><setSpec>com_10324_5186</setSpec><setSpec>com_10324_29291</setSpec><setSpec>col_10324_62871</setSpec></header><metadata><record xmlns="http://www.loc.gov/MARC21/slim" xmlns:doc="http://www.lyncode.com/xoai" xmlns:xsi="http://www.w3.org/2001/XMLSchema-instance" xmlns:dcterms="http://purl.org/dc/terms/" xsi:schemaLocation="http://www.loc.gov/MARC21/slim http://www.loc.gov/standards/marcxml/schema/MARC21slim.xsd">
<leader>00925njm 22002777a 4500</leader>
<datafield tag="042" ind1=" " ind2=" ">
<subfield code="a">dc</subfield>
</datafield>
<datafield tag="720" ind1=" " ind2=" ">
<subfield code="a">Álvarez Álvarez, Henar María</subfield>
<subfield code="e">author</subfield>
</datafield>
<datafield tag="260" ind1=" " ind2=" ">
<subfield code="c">2023</subfield>
</datafield>
<datafield tag="520" ind1=" " ind2=" ">
<subfield code="a">El presente trabajo analiza los aspectos civiles y el contenido del derecho a obtener la tutela judicial efectiva por parte de los jueces y tribunales reconocido en el artículo 24 de la Constitución, desde la perspectiva del derecho transitorio. Se parte del contenido de este derecho como acceso a la jurisdicción, que se refiere al derecho a ser parte en un proceso para poder promover la actividad jurisdiccional que finalice con una decisión judicial sobre las pretensiones deducidas. El derecho a la tutela judicial efectiva así entendido en ningún caso implica que sea un derecho absoluto e incondicionado a la prestación jurisdiccional, sino que, de acuerdo con jurisprudencia consolidada, se trata de un derecho a obtener la tutela judicial por los cauces procesales existentes y con sujeción a la ley, que puede establecer los presupuestos y requisitos para el ejercicio del derecho. Se estudian algunas de estas cuestiones desde el ámbito del derecho transitorio, analizando para ello la jurisprudencia del Tribunal Supremo y del Tribunal Constitucional en los supuestos más conflictivos.</subfield>
</datafield>
<datafield tag="024" ind2=" " ind1="8">
<subfield code="a">Revista de Estudios Europeos; Núm. Extraordinario monográfico 2 (2023): Los derechos fundamentales en el siglo XXI pags. 31-51</subfield>
</datafield>
<datafield tag="024" ind2=" " ind1="8">
<subfield code="a">2530-9854</subfield>
</datafield>
<datafield tag="024" ind2=" " ind1="8">
<subfield code="a">https://uvadoc.uva.es/handle/10324/62884</subfield>
</datafield>
<datafield tag="024" ind2=" " ind1="8">
<subfield code="a">10.24197/ree.Extraordinario monográfico 2.2023.31-51</subfield>
</datafield>
<datafield tag="024" ind2=" " ind1="8">
<subfield code="a">31</subfield>
</datafield>
<datafield tag="024" ind2=" " ind1="8">
<subfield code="a">Extraordinario monográfico 2</subfield>
</datafield>
<datafield tag="024" ind2=" " ind1="8">
<subfield code="a">51</subfield>
</datafield>
<datafield tag="245" ind1="0" ind2="0">
<subfield code="a">Aspectos civiles más relevantes del derecho a la tutela judicial efectiva desde la perspectiva del derecho transitorio</subfield>
</datafield>
</record></metadata></record></GetRecord></OAI-PMH>